Geography Quiz

Random Geography or City Quiz

African Metros Over 1,000,000 Quiz Stats

 Plays Quiz Updated Mar 8, 2019

Score 0/57 Timer 10:00
10 Plays Today
Population City % Correct
16,800,000Cairo, Egypt
97.9%
13,400,000Johannesburg, South Africa
91.3%
4,125,000Cape Town, South Africa
90.5%
5,200,000Nairobi, Kenya
85.2%
17,100,000Lagos, Nigeria
82.6%
3,675,000Algiers, Algeria
82.2%
2,500,000Tunis, Tunisia
81.9%
1,110,000Tripoli, Libya
79.9%
5,150,000Alexandria, Egypt
79.6%
4,175,000Casablanca, Morocco
78.9%
3,475,000Addis Ababa, Ethiopia
76.6%
1,920,000Rabat, Morocco
74.5%
10,600,000Kinshasa, Democratic Republic of the Congo
74.4%
5,550,000Khartoum, Sudan
72.6%
1,720,000Mogadishu, Somalia
70.9%
2,825,000Abuja, Nigeria
68.6%
3,300,000Dakar, Senegal
66%
4,575,000Accra, Ghana
65.6%
2,325,000Harare, Zimbabwe
62%
6,800,000Luanda, Angola
61.1%
5,300,000Dar es Salaam, Tanzania
61%
1,900,000Brazzaville, Republic of the Congo
58.9%
1,440,000Freetown, Sierra Leone
58.8%
1,000,000Kigali, Rwanda
58.7%
3,225,000Durban, South Africa
57.7%
3,025,000Kampala, Uganda
55.2%
1,340,000Monrovia, Liberia
53.5%
1,120,000Niamey, Niger
52.3%
2,275,000Lusaka, Zambia
51.5%
Population City % Correct
2,200,000Maputo, Mozambique
51.2%
2,225,000Antananarivo, Madagascar
51%
1,060,000Marrakesh, Morocco
50.3%
5,050,000Abidjan, Cote d'Ivoire
48.1%
2,950,000Bamako, Mali
48%
2,725,000Yaoundé, Cameroon
47.6%
1,120,000Mombasa, Kenya
43.9%
1,200,000Fes, Morocco
41.5%
1,210,000Ndjamena, Chad
41.1%
1,820,000Lomé, Togo
41%
2,100,000Ouagadougou, Burkina Faso
40.6%
2,225,000Conakry, Guinea
40.3%
1,060,000Nouakchott, Mauritania
39.8%
4,125,000Kano, Nigeria
33.3%
1,210,000Port Elizabeth, South Africa
32.2%
2,825,000Douala, Cameroon
29%
3,150,000Ibadan, Nigeria
26%
1,340,000Oran, Algeria
25%
2,075,000Port Harcourt, Nigeria
22.3%
1,480,000Benin City, Nigeria
19.8%
1,870,000Lubumbashi, Democratic Republic of the Congo
19.3%
2,675,000Kumasi, Ghana
15.7%
1,600,000Cotonou, Benin
14.9%
1,040,000Sousse, Tunisia
12.5%
1,040,000Aba, Nigeria
12.3%
1,680,000Kaduna, Nigeria
10.4%
1,860,000Mbuji-Mayi, Democratic Republic of the Congo
9.2%
1,060,000Maiduguri, Nigeria
6.9%

You're not logged in!

Compare scores with friends on all Sporcle quizzes.
OR
Log In

Sporcle TV

Today on Sporcle TV


Watch our educational content, quiz creation guides, and fun videos on Sporcle TV.

Show Comments

Extras

Top Quizzes Today


Score Distribution

Your Account Isn't Verified!

In order to create a playlist on Sporcle, you need to verify the email address you used during registration. Go to your Sporcle Settings to finish the process.

Report this User

Report this user for behavior that violates our Community Guidelines.

Details: